Estudios biográficos / (Record no. 158352)
[ view plain ]
| 000 -LEADER | |
|---|---|
| campo de control de longitud fija | 01015nam a2200253 i 4500 |
| 001 - NÚMERO DE CONTROL | |
| campo de control | 158352 |
| 003 - IDENTIFICADOR DE NÚMERO DE CONTROL | |
| campo de control | ES-MaACL |
| 005 - FECHA Y HORA DE LA ÚLTIMA TRANSACCIÓN | |
| campo de control | 20250905134412.0 |
| 008 - DATOS DE LONGITUD FIJA--INFORMACIÓN GENERAL | |
| campo de control de longitud fija | 960729s1880 sp |||| | spa d |
| 040 ## - FUENTE DE CATALOGACIÓN | |
| Centro catalogador/agencia de origen | CYL |
| Lengua de catalogación | spa |
| Centro/agencia transcriptor | CYL |
| 100 0# - ENTRADA PRINCIPAL--NOMBRE DE PERSONA | |
| Nombre de persona | Macaulay, Thomas Babington Macaulay |
| Títulos y otros términos asociados al nombre | Baron. |
| 9 (RLIN) | 75067 |
| 245 10 - MENCIÓN DEL TÍTULO | |
| Título | Estudios biográficos / |
| Mención de responsabilidad, etc. | por Lord Macaulay ; traduccion directa del inglés por M. Juderías Bender. |
| 260 ## - PUBLICACIÓN, DISTRIBUCIÓN, ETC. | |
| Lugar de publicación, distribución, etc. | Madrid : |
| Nombre del editor, distribuidor, etc. | Luis Navarro, |
| Fecha de publicación, distribución, etc. | 1880 ( |
| Fabricante | Imprenta central á cargo de Víctor Saiz) |
| 300 ## - DESCRIPCIÓN FÍSICA | |
| Extensión | XIII, 458 p. ; |
| Dimensiones | 19 cm. |
| 490 1# - MENCIÓN DE SERIE | |
| Mención de serie | Biblioteca clásica ; |
| Designación de volumen o secuencia | 25 |
| 600 17 - PUNTO DE ACCESO ADICIONAL DE MATERIA--NOMBRE DE PERSONA | |
| Nombre de persona | Pitt, William, |
| Títulos y otros términos asociados al nombre | Earl of Chatham, |
| Fechas asociadas al nombre | 1708-1778 |
| Fuente del encabezamiento o término | |
| 9 (RLIN) | 158541 |
| 600 14 - PUNTO DE ACCESO ADICIONAL DE MATERIA--NOMBRE DE PERSONA | |
| Nombre de persona | Mirabeau, Honoré-Gabriel de Riqueti |
| Títulos y otros términos asociados al nombre | comte de. |
| 9 (RLIN) | 81463 |
| 600 17 - PUNTO DE ACCESO ADICIONAL DE MATERIA--NOMBRE DE PERSONA | |
| Nombre de persona | Pitt, William, |
| Fechas asociadas al nombre | 1759-1806 |
| Fuente del encabezamiento o término | |
| 9 (RLIN) | 162245 |
| 600 14 - PUNTO DE ACCESO ADICIONAL DE MATERIA--NOMBRE DE PERSONA | |
| Nombre de persona | Barère de Vieuzac, Bertrand. |
| 9 (RLIN) | 141053 |
| 700 11 - ENTRADA AGREGADA--NOMBRE PERSONAL | |
| Nombre de persona | Juderías Bender, Mariano. |
| 9 (RLIN) | 128389 |
| 830 0# - PUNTO DE ACCESO ADICIONAL DE SERIE-TÍTULO UNIFORME | |
| Título uniforme | Biblioteca clásica ; |
| Designación de volumen o secuencia | 25 |
| 9 (RLIN) | 180370 |
| 852 ## - LOCALIZACIÓN | |
| Ubicación | ES-MaACL |
| Número de control de estantería | F-13137 |
| Nota libre | -- Enc. tela |
| Estatus retirado | Estado de pérdida | Estado de daño | No para préstamo | Colección | Biblioteca de origen | Biblioteca actual | Ubicación en estantería | Fecha de adquisición | Fuente de adquisición | Total de préstamos | Signatura topográfica completa | Código de barras | Visto por última vez | Precio de reemplazo | Tipo de ítem Koha |
|---|---|---|---|---|---|---|---|---|---|---|---|---|---|---|---|
| Libros del s. XIX | Biblioteca del Ateneo de Madrid | Biblioteca del Ateneo de Madrid | Sala Pecera Planta 2 | 17/01/2008 | F-13137 | 1165734 | 23/02/2023 | 23/02/2023 | Libro impreso antiguo |
